000 00450nam a2200181Ia 4500
001 15968
005 20260306170235.0
008 260306t2016||||xx |||||||||||||| ||und||
041 _aESP
082 _a620.86
_bR16I
100 _aRaffo Lecca, Eduardo
_eAUT
245 0 _aIntroducción a la seguridad y salud en el trabajo
260 _c2016
300 _a287 páginas :
_c25 cm.
650 _aGEN
654 _aCII
942 _cLIB
_dJUS
_fJUS
_2ddc
_n
999 _c15968
_d15968